| 000 | 00457nam a2200145 4500 | ||
|---|---|---|---|
| 008 | 150922b xxu||||| |||| 00| 0 eng d | ||
| 020 | _a9781439049082 | ||
| 050 | _aQA 39.3.L372 2011 | ||
| 100 |
_aLarson, Ron. _d2011 |
||
| 245 |
_aPrecalculus: A concise course: _c Ron, Larson |
||
| 250 | _a2nd ed. | ||
| 260 |
_aJapan: _bBrooks, _c2011. |
||
| 300 |
_ax, 526(93) p. : ill. _bIncludes index. _c28cm. |
||
| 942 |
_2lcc _cBOOKS _hQA 39.3.L372 2011 _02 |
||
| 999 |
_c6243 _d6243 |
||